Čína: zahraničních investorů ráj
Začiatky trhovej ekonomiky v Číne. Návrat k tradícii a k ekonomickej racionalite. Čína ako továreň sveta. Špecifiká investičnej klímy v Číne. Úskalia zahraničného investovania v Číne.
Na minha lista:
| Autor principal: | |
|---|---|
| Formato: | Capítulo de Livro |
| Idioma: | tcheco |
| Assuntos: | |
| Tags: |
Sem tags, seja o primeiro a adicionar uma tag!
|
MARC
| LEADER | 00000naa$a2200000$$$4500 | ||
|---|---|---|---|
| 001 | 0030471 | ||
| 005 | 20231016092039.8 | ||
| 041 | 0 | |a cze | |
| 044 | |a CZ | ||
| 245 | 1 | 0 | |a Čína: zahraničních investorů ráj |c Rudolf Fürst |
| 520 | |a Začiatky trhovej ekonomiky v Číne. Návrat k tradícii a k ekonomickej racionalite. Čína ako továreň sveta. Špecifiká investičnej klímy v Číne. Úskalia zahraničného investovania v Číne. | ||
| 610 | 2 | 0 | |a investície zahraničné |
| 610 | 2 | 0 | |a investície priame zahraničné |
| 610 | 2 | 0 | |a hospodárstvo trhové |
| 610 | 2 | 0 | |a investori |
| 610 | 2 | 0 | |a investovanie |
| 610 | 2 | 0 | |a spolupráca hospodárska medzinárodná |
| 610 | 2 | 0 | |a vláda |
| 610 | 2 | 0 | |a lobizmus |
| 610 | 2 | 0 | |a konkurencia |
| 610 | 2 | 0 | |a protekcionizmus |
| 610 | 2 | 0 | |a zóny |
| 610 | 2 | 0 | |a Čína |
| 100 | 1 | |a Fürst, Rudolf | |